2015 MLB Homerun Leaders - Statistics

General Stats
  • This quiz has been taken 75 times
  • The average score is 6 of 10
Answer Stats
Hint Answer % Correct
41 Mike Trout
85%
47 Chris Davis
77%
42 Bryce Harper
71%
40 Albert Pujols
63%
44 Nelson Cruz
62%
41 Josh Donaldson
52%
42 Nolan Arenado
49%
40 Jose Bautista
48%
39 Edwin Encarnacion
46%
40 Carlos Gonzalez
29%
No matching quizzes found
Score Distribution
Percent of People with Each Score
Percentile by Number Answered
Your Score History
You have not taken this quiz